000 nam a22 7a 4500
999 _c331563
_d331563
003 NUST
005 20171004120432.0
008 171004b xxu||||| |||| 00| 0 eng d
040 _cNUST
082 _a302.23
100 _aGurmani,Hamzah, Shafqat,Maryam, & Batool,Rubab
_95218
245 _aPakistan's top story thesis docu drama
260 _aIslamabad
_c2016
300 _a80p
942 _2ddc
_cTH